Hospodársky cyklus v krajinách Vyšehradskej štvorky

Cyklické výkyvy ekonomiky. Vznik a prejavy globálnej finančnej a hospodárskej krízy. Hospodársky cyklus v krajinách V4 v rokoch 2004-2012.

Enregistré dans:
Détails bibliographiques
Auteur principal: Matoušková, Eleonóra, 1962-
Format: Chapitre de livre
Langue:slovaque
Sujets:
Tags: Ajouter un tag
Pas de tags, Soyez le premier à ajouter un tag!

MARC

LEADER 00000naa$a2200000$$$4500
001 0188976
005 20240502083440.2
041 0 |a slo 
044 |a PL 
245 1 0 |a Hospodársky cyklus v krajinách Vyšehradskej štvorky  |c Eleonóra Matoušková 
520 |a Cyklické výkyvy ekonomiky. Vznik a prejavy globálnej finančnej a hospodárskej krízy. Hospodársky cyklus v krajinách V4 v rokoch 2004-2012. 
610 2 0 |a kríza finančná 
610 2 0 |a kríza hospodárska 
610 2 0 |a globalizácia 
610 2 0 |a Vyšehradská štvorka 
610 2 0 |a sadzby úrokové 
610 2 0 |a inštitúcie finančné 
610 2 0 |a produkt domáci hrubý 
100 1 |a Matoušková, Eleonóra, 1962-